| 000 | 00417nam a2200181Ia 4500 | ||
|---|---|---|---|
| 008 | 180207s9999 xx 000 0 und d | ||
| 020 | _a9781438003641 | ||
| 050 | _bG762 2014 | ||
| 100 | _aGrant, Jacob | ||
| 245 | _aScaredy Kate / | ||
| 245 | _cby Jacob Grant. | ||
| 260 | _aNew York : | ||
| 260 | _bBarron's, | ||
| 260 | _c2014 | ||
| 300 | _aunpaged : | ||
| 300 | _bcolor illustration ; | ||
| 300 | _c26cm. | ||
| 999 |
_c355468 _d355468 |
||